000 00342nam a2200133Ia 4500
008 240624s9999 xx 000 0 und d
041 _aeng
082 _a658.4012 KLU
100 _aLEVIN ADAM
245 _aSWIPED HOW TO PROTECT YOURSELF IN A WORL
260 _c2015
_aNew York
_bPublicAffairs
300 _a272 p,: 23 cm.
365 _cRS
_b38
999 _c31271
_d31271